[Event "BCC op 21st"]
[Site "Hua Hin"]
[Date "2024.04.17"]
[Round "5"]
[White "Manon, Reja Neer"]
[Black "Makhnev, Denis"]
[Result "1-0"]
[WhiteElo "2285"]
[BlackElo "2516"]
[PlyCount "85"]
[EventDate "2024.04.13"]
[EventType "swiss"]
[EventRounds "9"]
[EventCountry "THA"]
[SourceTitle "CB18_2024"]
[SourceDate "2024.05.01"]
[SourceVersion "1"]
[SourceVersionDate "2024.05.01"]
[SourceQuality "2"]

1. e4 e5 2. Nf3 Nc6 3. Bb5 a6 4. Ba4 Nf6 5. 0-0 b5 6. Bb3 Bb7 7. Re1 Bc5 8. c3 d6 9. d4 Bb6 10. Be3 0-0 11. Nbd2 exd4 12. cxd4 Nb4 13. Qb1 c5 14. a3 Nc6 15. d5 Ne7 16. Bc2 Ng4 17. Bg5 f6 18. Bh4 Ng6 19. Bg3 Qc7 20. Qd1 Bc8 21. h3 N4e5 22. Nf1 Ba5 23. Re3 Bd7 24. N3d2 c4 25. f4 Nf7 26. Kh1 Bb6 27. Re1 Rae8 28. Nf3 c3 29. b4 Qa7 30. Re2 a5 31. Rb1 Rc8 32. Qd3 axb4 33. axb4 Rc4 34. Bb3 c2 35. Rxc2 Rxc2 36. Bxc2 Rc8 37. Bb3 Qa3 38. Qd2 Re8 39. Bc2 Bxh3 40. Rb3 Qa1 41. Rb1 Qa3 42. f5 Nf8 43. N1h2 1-0

[Event "BCC op 21st"]
[Site "Hua Hin"]
[Date "2024.04.16"]
[Round "4"]
[White "Makhnev, Denis"]
[Black "Arca, Christian Gian Karl"]
[Result "1-0"]
[WhiteElo "2516"]
[BlackElo "2283"]
[PlyCount "63"]
[EventDate "2024.04.13"]
[EventType "swiss"]
[EventRounds "9"]
[EventCountry "THA"]
[SourceTitle "CB18_2024"]
[SourceDate "2024.05.01"]
[SourceVersion "1"]
[SourceVersionDate "2024.05.01"]
[SourceQuality "2"]

1. e4 c6 2. Nf3 d5 3. exd5 cxd5 4. d4 Nf6 5. Ne5 Nc6 6. c3 Bf5 7. Bb5 Qb6 8. c4 a6 9. Bxc6+ bxc6 10. c5 Qb7 11. Qb3 Qc7 12. Qa4 Bd7 13. Nc3 e6 14. h3 Be7 15. Bf4 Qc8 16. Qb3 Bd8 17. Na4 Ba5+ 18. Ke2 Rb8 19. Nb6 Bxb6 20. cxb6 Rb7 21. Nd3 c5 22. Nxc5 Bb5+ 23. Ke3 e5 24. Bxe5 Rxb6 25. a4 0-0 26. axb5 Rxb5 27. Qc3 Re8 28. Rhc1 Qf5 29. f3 Nh5 30. Kf2 Qg5 31. Re1 Qh4+ 32. Kg1 1-0

[Event "BCC op 21st"]
[Site "Hua Hin"]
[Date "2024.04.14"]
[Round "2"]
[White "Makhnev, Denis"]
[Black "Than, Min Hlaing"]
[Result "1-0"]
[WhiteElo "2516"]
[BlackElo "2168"]
[PlyCount "89"]
[EventDate "2024.04.13"]
[EventType "swiss"]
[EventRounds "9"]
[EventCountry "THA"]
[SourceTitle "CB18_2024"]
[SourceDate "2024.05.01"]
[SourceVersion "1"]
[SourceVersionDate "2024.05.01"]
[SourceQuality "2"]

1. Nf3 c5 2. g3 Nc6 3. Bg2 g6 4. c4 Bg7 5. 0-0 e6 6. d3 Nge7 7. Nc3 d5 8. cxd5 exd5 9. Bd2 0-0 10. a3 h6 11. Na4 b6 12. b4 cxb4 13. axb4 a6 14. Rb1 Bd7 15. Qb3 Kh7 16. Rfc1 Rc8 17. Qa2 g5 18. h3 f5 19. Nc3 g4 20. hxg4 fxg4 21. Nh4 Nd4 22. Be3 Rxc3 23. Rxc3 Nxe2+ 24. Qxe2 Bxc3 25. Bxb6 Qe8 26. d4 Ng6 27. Qc2 Be1 28. Bxd5 Bxf2+ 29. Kg2 Rf6 30. Rf1 Bc6 31. Bxc6 Qxc6+ 32. Qxc6 Nxh4+ 33. gxh4 Rxc6 34. Bc5 Bxh4 35. d5 Rc8 36. Ra1 Re8 37. d6 Re2+ 38. Kf1 Rd2 39. Rxa6 Bg5 40. b5 Rc2 41. Rc6 g3 42. b6 h5 43. b7 g2+ 44. Kg1 Rb2 45. Rb6 1-0

[Event "San Vicente op 8th"]
[Site "San Vicente"]
[Date "2024.03.30"]
[Round "6"]
[White "Heimann, Mark A"]
[Black "Makhnev, Denis"]
[Result "1-0"]
[WhiteElo "2435"]
[BlackElo "2516"]
[PlyCount "33"]
[EventDate "2024.03.27"]
[EventType "swiss"]
[EventRounds "9"]
[EventCountry "ESP"]
[SourceTitle "CB14_2024"]
[SourceDate "2024.04.01"]
[SourceVersion "1"]
[SourceVersionDate "2024.04.01"]
[SourceQuality "1"]

1. d4 d5 2. Nf3 e6 3. c4 c6 4. e3 Nf6 5. Nc3 Nbd7 6. Be2 dxc4 7. a4 Bb4 8. Bxc4 0-0 9. 0-0 Qc7 10. Qc2 e5 11. Ne4 exd4 12. exd4 Nxe4 13. Qxe4 Nf6 14. Qh4 Bf5 15. Bf4 Bd6 16. Be5 Qd8 17. Qf4 1-0

[Event "Titled Tuesday intern op 06th Feb Early"]
[Site "Chess.com INT"]
[Date "2024.02.06"]
[Round "9"]
[White "Yeletsky, Ivan"]
[Black "Makhnev, Denis"]
[Result "0-1"]
[WhiteElo "2504"]
[BlackElo "2516"]
[PlyCount "90"]
[EventDate "2024.02.06"]
[EventType "swiss (blitz)"]
[EventRounds "11"]
[EventCountry "USA"]
[SourceTitle "CB07_2024"]
[SourceDate "2024.02.14"]
[SourceVersion "1"]
[SourceVersionDate "2024.02.14"]
[SourceQuality "1"]

1. Nf3 d5 2. g3 c5 3. Bg2 Nc6 4. d4 Nf6 5. 0-0 cxd4 6. Nxd4 e5 7. Nxc6 bxc6 8. c4 Be6 9. Bg5 Rc8 10. Qa4 Qd7 11. Nc3 d4 12. Rad1 Be7 13. e3 c5 14. Nb5 0-0 15. b3 Ng4 16. Bxe7 Qxe7 17. exd4 cxd4 18. h3 Nh6 19. Qxa7 Qf6 20. Nd6 Rcd8 21. Qc5 Bxh3 22. Bxh3 Rxd6 23. Rfe1 Re8 24. Qb5 Qe7 25. c5 Rd5 26. b4 e4 27. Rxe4 Qxe4 28. Bg2 Rxc5 29. bxc5 Qe5 30. Rxd4 Qe1+ 31. Bf1 Nf5 32. Rd1 Qe5 33. Qd7 g6 34. c6 Re7 35. Qd8+ Kg7 36. a4 h5 37. Qd5 Qf6 38. a5 h4 39. g4 Re5 40. Qc4 Ne7 41. c7 Rxa5 42. c8Q Nxc8 43. Qxc8 Ra2 44. Qc5 Ra4 45. f3 Qxf3 0-1

[Event "Wch Blitz"]
[Site "Samarkand"]
[Date "2023.12.29"]
[Round "11"]
[White "Korobov, Anton"]
[Black "Makhnev, Denis"]
[Result "1/2-1/2"]
[WhiteElo "2672"]
[BlackElo "2486"]
[PlyCount "76"]
[EventDate "2023.12.29"]
[EventType "swiss (blitz)"]
[EventRounds "21"]
[EventCountry "UZB"]
[SourceTitle "CB01_2024"]
[SourceDate "2024.01.03"]
[SourceVersion "1"]
[SourceVersionDate "2024.01.03"]
[SourceQuality "1"]

1. c4 e5 2. d3 Nf6 3. Nf3 Nc6 4. a3 g6 5. b4 d6 6. Bb2 Bg7 7. e3 0-0 8. Nbd2 Ne8 9. Qc2 f5 10. Be2 Kh8 11. 0-0 g5 12. g3 h6 13. c5 Nf6 14. Rac1 a6 15. cxd6 cxd6 16. e4 f4 17. d4 Qe8 18. Nc4 Bg4 19. dxe5 dxe5 20. Nfxe5 Bxe2 21. Qxe2 Nxe5 22. Nxe5 Nh5 23. Rc7 Bxe5 24. Bxe5+ Qxe5 25. Rxb7 Nf6 26. Rc1 fxg3 27. hxg3 Qxe4 28. Qxe4 Nxe4 29. Rc6 Rf6 30. Rcc7 Rg6 31. Kg2 Rf8 32. f3 Nd2 33. a4 Nxf3 34. b5 axb5 35. axb5 g4 36. b6 Re8 37. Ra7 Rxb6 38. Rh7+ Kg8 1/2-1/2

[Event "Wch Blitz"]
[Site "Samarkand"]
[Date "2023.12.29"]
[Round "7"]
[White "Makhnev, Denis"]
[Black "Nihal, Sarin"]
[Result "0-1"]
[WhiteElo "2486"]
[BlackElo "2688"]
[PlyCount "110"]
[EventDate "2023.12.29"]
[EventType "swiss (blitz)"]
[EventRounds "21"]
[EventCountry "UZB"]
[SourceTitle "CB01_2024"]
[SourceDate "2024.01.03"]
[SourceVersion "1"]
[SourceVersionDate "2024.01.03"]
[SourceQuality "1"]

1. d4 d5 2. c4 c6 3. Nf3 Nf6 4. e3 Bg4 5. h3 Bxf3 6. Qxf3 e6 7. Nc3 Nbd7 8. cxd5 exd5 9. Bd3 Bd6 10. Bd2 Qe7 11. a3 0-0 12. 0-0 Rae8 13. Qe2 Ne4 14. Nxe4 dxe4 15. Bc2 g6 16. f3 exf3 17. Rxf3 f5 18. b4 Nf6 19. b5 c5 20. Qc4+ Kg7 21. Bc3 Rc8 22. Rd1 cxd4 23. Qxd4 Rfd8 24. Bd3 Bh2+ 25. Kxh2 Rxd4 26. Bxd4 Kh6 27. g4 Ne4 28. gxf5 Qc7+ 29. Kg2 gxf5 30. Bxe4 Rg8+ 31. Kh1 fxe4 32. Rf6+ Rg6 33. Rg1 Rxf6 34. Bxf6 Qd7 35. Bg5+ Kg6 36. Kh2 Qxb5 37. Bf4+ Kf7 38. Rd1 Qb2+ 39. Kg3 Ke8 40. a4 Qg7+ 41. Kf2 Qb2+ 42. Kg3 Qc2 43. Rd4 b6 44. h4 h5 45. Bg5 a6 46. Kf4 b5 47. axb5 axb5 48. Rxe4+ Kf7 49. Re7+ Kf8 50. Rb7 Qc6 51. Rh7 b4 52. e4 b3 53. Rh8+ Kf7 54. e5 b2 55. Rh7+ Kg8 0-1

[Event "Wch Rapid"]
[Site "Samarkand"]
[Date "2023.12.28"]
[Round "11"]
[White "Iturrizaga Bonelli, Eduardo"]
[Black "Makhnev, Denis"]
[Result "0-1"]
[WhiteElo "2600"]
[BlackElo "2486"]
[PlyCount "130"]
[EventDate "2023.12.26"]
[EventType "swiss (rapid)"]
[EventRounds "13"]
[EventCountry "UZB"]
[SourceTitle "CB01_2024"]
[SourceDate "2024.01.03"]
[SourceVersion "1"]
[SourceVersionDate "2024.01.03"]
[SourceQuality "1"]

1. c4 e5 2. g3 c6 3. d4 e4 4. d5 Bb4+ 5. Bd2 Bxd2+ 6. Nxd2 Nf6 7. Bg2 cxd5 8. cxd5 e3 9. fxe3 d6 10. e4 0-0 11. Qa4 Qb6 12. Ngf3 Qxb2 13. Rb1 Qc3 14. Qd4 Qxd4 15. Nxd4 Na6 16. 0-0 Nc5 17. Rfc1 b6 18. Nb5 Rd8 19. Nc7 Rb8 20. e5 Ng4 21. exd6 Bf5 22. e4 Bg6 23. Nb5 Rb7 24. Nd4 Rbd7 25. Nc6 Re8 26. Ne7+ Kh8 27. Bh3 h5 28. Bxg4 hxg4 29. Nxg6+ fxg6 30. Rb4 Nd3 31. Rc7 Rxc7 32. dxc7 Nxb4 33. d6 Na6 34. d7 Nxc7 35. dxe8Q+ Nxe8 36. Kf2 Kg8 37. Nc4 Kf7 38. Ne5+ Kf6 39. Nxg4+ Ke6 40. Ke3 Nf6 41. Nf2 Nd7 42. Nd3 Ne5 43. Nf4+ Kd6 44. h4 b5 45. Kd4 a5 46. a3 g5 47. hxg5 Nf3+ 48. Ke3 Nxg5 49. Nd5 Ne6 50. Kd3 Ke5 51. Ne7 Nc5+ 52. Ke3 Nxe4 53. Nc6+ Kd5 54. Nxa5 Nxg3 55. Nb3 Nf5+ 56. Kd3 g5 57. Nd2 Nd6 58. Nf3 g4 59. Nd4 g3 60. Ne2 Nf5 61. Nc3+ Kc5 62. Ne4+ Kb6 63. Nd2 Ka5 64. Kc3 Ka4 65. Kb2 Nd4 0-1

[Event "Wch Rapid"]
[Site "Samarkand"]
[Date "2023.12.27"]
[Round "7"]
[White "Makhnev, Denis"]
[Black "Keymer, Vincent"]
[Result "0-1"]
[WhiteElo "2486"]
[BlackElo "2738"]
[PlyCount "68"]
[EventDate "2023.12.26"]
[EventType "swiss (rapid)"]
[EventRounds "13"]
[EventCountry "UZB"]
[SourceTitle "CB01_2024"]
[SourceDate "2024.01.03"]
[SourceVersion "1"]
[SourceVersionDate "2024.01.03"]
[SourceQuality "1"]

1. d4 Nf6 2. c4 e6 3. Nc3 Bb4 4. e3 0-0 5. Bd3 d5 6. Nge2 dxc4 7. Bxc4 c5 8. a3 Bxc3+ 9. bxc3 Nc6 10. 0-0 e5 11. Bb2 Qc7 12. Bd3 Be6 13. e4 exd4 14. cxd4 Ng4 15. f4 c4 16. Bc2 Ne3 17. Qd2 Nxf1 18. Kxf1 Bg4 19. Ng3 Rac8 20. Bc3 b6 21. h3 Bd7 22. d5 Na5 23. e5 Nb3 24. Qe3 Nxa1 25. Bb1 Ba4 26. Nh5 Bc2 27. d6 Qb7 28. Bxc2 Nxc2 29. Qg3 f6 30. e6 Rce8 31. d7 Ne3+ 32. Qxe3 Qxd7 33. Nxf6+ gxf6 34. f5 Qd3+ 0-1

[Event "KAZ-ch"]
[Site "Astana"]
[Date "2023.12.16"]
[Round "5"]
[White "Makhnev, Denis"]
[Black "Abdilkhair, Abilmansur"]
[Result "1/2-1/2"]
[WhiteElo "2486"]
[BlackElo "2255"]
[PlyCount "115"]
[EventDate "2023.12.13"]
[EventType "tourn"]
[EventRounds "13"]
[EventCountry "KAZ"]
[EventCategory "6"]
[SourceTitle "CB52_2023"]
[SourceDate "2023.12.27"]
[SourceVersion "1"]
[SourceVersionDate "2023.12.27"]
[SourceQuality "1"]

1. c4 Nf6 2. Nc3 d5 3. cxd5 Nxd5 4. Nf3 g6 5. e4 Nxc3 6. dxc3 Qxd1+ 7. Kxd1 Nd7 8. Bf4 Nc5 9. Nd2 Ne6 10. Be3 Bd7 11. Bc4 Bg7 12. a4 a5 13. Kc2 0-0 14. Bd5 Rfb8 15. Rhd1 Kf8 16. f4 Bh6 17. g3 Ke8 18. Nf3 Nd8 19. Ne5 Be6 20. h4 Bg7 21. Bxe6 Nxe6 22. Nc4 Nf8 23. f5 Nd7 24. g4 Ne5 25. Nxe5 Bxe5 26. Rd5 f6 27. h5 gxh5 28. g5 h4 29. Rh1 Bg3 30. gxf6 exf6 31. Rd2 Rd8 32. Rg2 Ke7 33. Bc5+ Kd7 34. Bf2 Rg8 35. Bxg3 hxg3 36. Rxh7+ Kd6 37. Rh3 Ke5 38. Rhxg3 Rxg3 39. Rxg3 Kxe4 40. Rd3 Ra6 41. Rd4+ Kxf5 42. Rd7 Rc6 43. Rd5+ Ke4 44. Rxa5 f5 45. Ra7 b6 46. b4 f4 47. Ra8 Ke3 48. a5 bxa5 49. bxa5 f3 50. a6 Kf2 51. a7 Ra6 52. Kb3 c5 53. Kc4 Ra3 54. Kd3 Ra4 55. c4 Ra2 56. Ke4 Ke2 57. Kd5 f2 58. Re8+ 1/2-1/2

[Event "KAZ-ch"]
[Site "Astana"]
[Date "2023.12.16"]
[Round "4"]
[White "Suleymenov, Alisher"]
[Black "Makhnev, Denis"]
[Result "1-0"]
[WhiteElo "2513"]
[BlackElo "2486"]
[PlyCount "73"]
[EventDate "2023.12.13"]
[EventType "tourn"]
[EventRounds "13"]
[EventCountry "KAZ"]
[EventCategory "6"]
[SourceTitle "CB52_2023"]
[SourceDate "2023.12.27"]
[SourceVersion "1"]
[SourceVersionDate "2023.12.27"]
[SourceQuality "1"]

1. d4 d5 2. c4 e6 3. Nc3 c6 4. e4 dxe4 5. Nxe4 Bb4+ 6. Nc3 e5 7. Be3 exd4 8. Qxd4 Qxd4 9. Bxd4 Nf6 10. 0-0-0 Nbd7 11. Nge2 0-0 12. f3 Re8 13. Ng3 c5 14. Bxf6 Nxf6 15. Nb5 Ba5 16. Bd3 g6 17. Nd6 Re6 18. Nge4 Nxe4 19. Bxe4 Re7 20. g4 Rb8 21. h4 Be6 22. h5 Bc7 23. hxg6 hxg6 24. b3 a6 25. Nf5 Ree8 26. Nd6 Re7 27. Nf5 Bf4+ 28. Kb1 Rc7 29. Rh4 Be5 30. Ne3 b5 31. Bd5 Re7 32. Rdh1 Bd4 33. g5 bxc4 34. Bxc4 Rbe8 35. Bxe6 Rxe6 36. Nd5 Re2 37. Rxd4 1-0

[Event "KAZ-ch"]
[Site "Astana"]
[Date "2023.12.15"]
[Round "3"]
[White "Makhnev, Denis"]
[Black "Urazayev, Arystanbek"]
[Result "1/2-1/2"]
[WhiteElo "2486"]
[BlackElo "2472"]
[PlyCount "42"]
[EventDate "2023.12.13"]
[EventType "tourn"]
[EventRounds "13"]
[EventCountry "KAZ"]
[EventCategory "6"]
[SourceTitle "CB52_2023"]
[SourceDate "2023.12.27"]
[SourceVersion "1"]
[SourceVersionDate "2023.12.27"]
[SourceQuality "1"]

1. d4 Nf6 2. c4 e6 3. Nc3 Bb4 4. e3 0-0 5. Bd3 d5 6. Nf3 dxc4 7. Bxc4 c5 8. 0-0 cxd4 9. exd4 b6 10. Bg5 Bb7 11. Ne5 Nbd7 12. Nxd7 Qxd7 13. Bxf6 gxf6 14. d5 Bxc3 15. bxc3 Bxd5 16. Qg4+ Kh8 17. Qh4 Bxc4 18. Qxf6+ Kg8 19. Qg5+ Kh8 20. Qf6+ Kg8 21. Qg5+ Kh8 1/2-1/2

[Event "KAZ Cup Final"]
[Site "Almaty"]
[Date "2023.12.04"]
[Round "4.1"]
[White "Makhnev, Denis"]
[Black "Kazhgaleyev, Murtas"]
[Result "1/2-1/2"]
[WhiteElo "2466"]
[BlackElo "2490"]
[PlyCount "89"]
[EventDate "2023.11.28"]
[EventType "k.o."]
[EventRounds "4"]
[EventCountry "KAZ"]
[SourceTitle "CB49_2023"]
[SourceDate "2023.12.06"]
[SourceVersion "1"]
[SourceVersionDate "2023.12.06"]
[SourceQuality "1"]

1. d4 Nf6 2. c4 e6 3. Nf3 Bb4+ 4. Bd2 Bxd2+ 5. Qxd2 0-0 6. Nc3 d5 7. e3 b6 8. cxd5 Nxd5 9. Bd3 Bb7 10. e4 Nxc3 11. bxc3 c5 12. 0-0 cxd4 13. cxd4 Nc6 14. Bc2 Rc8 15. Rad1 Ne7 16. Rfe1 Ng6 17. Bb3 Qd6 18. Re3 Rfe8 19. h4 h6 20. g3 b5 21. h5 Nf8 22. d5 exd5 23. exd5 Qc5 24. Rxe8 Rxe8 25. Qf4 Qe7 26. Re1 Qd8 27. Ne5 f6 28. d6+ Kh7 29. Qf5+ g6 30. hxg6+ Kg7 31. Re3 Qxd6 32. Ng4 Rxe3 33. Nxe3 Qe5 34. Qg4 Be4 35. Qc8 h5 36. Kh2 h4 37. f4 Qd6 38. Qb7+ Bxb7 39. Nf5+ Kxg6 40. Nxd6 hxg3+ 41. Kxg3 Bc6 42. Nc8 Bd7 43. Nxa7 f5 44. a3 Kf6 45. Kf3 1/2-1/2

[Event "KAZ Cup Final"]
[Site "Almaty"]
[Date "2023.12.04"]
[Round "3.4"]
[White "Petrosyan, Manuel"]
[Black "Makhnev, Denis"]
[Result "1-0"]
[WhiteElo "2604"]
[BlackElo "2466"]
[PlyCount "141"]
[EventDate "2023.11.28"]
[EventType "k.o."]
[EventRounds "4"]
[EventCountry "KAZ"]
[SourceTitle "CB49_2023"]
[SourceDate "2023.12.06"]
[SourceVersion "1"]
[SourceVersionDate "2023.12.06"]
[SourceQuality "1"]

1. e4 e5 2. Nf3 Nc6 3. Bb5 a6 4. Ba4 Nf6 5. 0-0 Be7 6. d3 b5 7. Bb3 d6 8. a3 Bb7 9. Nc3 0-0 10. Be3 Nb8 11. a4 c6 12. Ne2 Nbd7 13. Ng3 Re8 14. axb5 axb5 15. Rxa8 Qxa8 16. c3 c5 17. c4 bxc4 18. Bxc4 d5 19. exd5 Bxd5 20. Re1 h6 21. b3 Bf8 22. Bd2 Nb6 23. Bxd5 Qxd5 24. Bc3 Nbd7 25. Qc2 Re6 26. h3 g6 27. Bb2 Bg7 28. Qc4 Rb6 29. Nd2 Rb4 30. Qc2 Nh7 31. Nc4 Nhf8 32. Nf1 Ne6 33. Nfe3 Qc6 34. Ng4 f6 35. f3 h5 36. Nf2 Nd4 37. Bxd4 cxd4 38. Ne4 Nf8 39. Ra1 Ne6 40. Ra4 Rxa4 41. bxa4 f5 42. Ned2 Nc5 43. a5 Qb5 44. Qb2 Qxb2 45. Nxb2 Kf7 46. Nb3 Na6 47. Na4 Bf8 48. f4 exf4 49. Nxd4 Nc5 50. Nb6 Na6 51. Kf1 Bb4 52. Nc4 Kf6 53. h4 Bc5 54. Nf3 Nb4 55. Ke2 Nc6 56. Kd1 Ke6 57. Kc2 Kd5 58. Nb6+ Ke6 59. Nc4 Kd5 60. Nb6+ Ke6 61. Nc4 Kd5 62. Nb6+ Ke6 63. Ng5+ Kd6 64. Nc4+ Kd5 65. Nh3 Nd4+ 66. Kd1 Ne6 67. Ke2 Nd4+ 68. Kf2 Nc2+ 69. Kf1 Be3 70. a6 Bc1 71. a7 1-0

[Event "KAZ Cup Final"]
[Site "Almaty"]
[Date "2023.11.28"]
[Round "1.1"]
[White "Makhnev, Denis"]
[Black "Aditya, Mittal"]
[Result "1/2-1/2"]
[WhiteElo "2466"]
[BlackElo "2577"]
[PlyCount "66"]
[EventDate "2023.11.28"]
[EventType "k.o."]
[EventRounds "4"]
[EventCountry "KAZ"]
[SourceTitle "CB49_2023"]
[SourceDate "2023.12.06"]
[SourceVersion "1"]
[SourceVersionDate "2023.12.06"]
[SourceQuality "1"]

1. d4 Nf6 2. c4 e6 3. Nf3 d5 4. Nc3 Nbd7 5. Qc2 Bb4 6. cxd5 exd5 7. a3 Bxc3+ 8. Qxc3 Ne4 9. Qc2 0-0 10. e3 Re8 11. Be2 Nf8 12. 0-0 Bf5 13. Bd3 Ng6 14. Ne1 Qd7 15. f3 Nd6 16. Bxf5 Nxf5 17. Qd3 Nd6 18. b3 h5 19. Ra2 Re7 20. a4 Qf5 21. g3 Rae8 22. Qxf5 Nxf5 23. Ng2 f6 24. Rd1 h4 25. g4 Nxe3 26. Nxe3 Rxe3 27. Bxe3 Rxe3 28. b4 Nf4 29. Kf2 Rc3 30. b5 Nh3+ 31. Ke2 Nf4+ 32. Kf2 Nh3+ 33. Ke2 Nf4+ 1/2-1/2

[Event "Titled Tuesday intern op 26th Sep Early"]
[Site "Chess.com INT"]
[Date "2023.09.26"]
[Round "3"]
[White "Makhnev, Denis"]
[Black "Antunez, Soler Luis"]
[Result "1-0"]
[WhiteElo "2466"]
[BlackElo "2200"]
[PlyCount "131"]
[EventDate "2023.09.26"]
[EventType "swiss (blitz)"]
[EventRounds "11"]
[EventCountry "USA"]
[SourceTitle "EXT 2024"]
[Source "ChessBase"]
[SourceDate "2023.10.10"]
[SourceVersion "1"]
[SourceVersionDate "2023.10.10"]
[SourceQuality "1"]

1. d4 d5 2. c4 c6 3. Nf3 Nf6 4. Qc2 dxc4 5. Qxc4 Bg4 6. Nbd2 Nbd7 7. g3 e6 8. Bg2 Bh5 9. 0-0 Be7 10. Qb3 Qb6 11. Nc4 Qa6 12. Bf4 0-0 13. Rfe1 Nb6 14. Rac1 Nfd5 15. Bd6 Rfd8 16. Bxe7 Nxe7 17. e3 Qa4 18. Qxa4 Nxa4 19. b3 Nb6 20. Na5 Rab8 21. Ne5 f6 22. Nd3 Nd7 23. b4 Bg6 24. Nf4 Bf7 25. a3 e5 26. Ne2 Bh5 27. Nc3 exd4 28. exd4 Nf5 29. d5 c5 30. h3 Nd4 31. g4 Bg6 32. Ne4 cxb4 33. axb4 Ne5 34. Rc3 Nb5 35. Rg3 Nd4 36. f4 Nd7 37. Nc5 b6 38. Nxd7 Rxd7 39. Nc6 Nxc6 40. dxc6 Rc7 41. b5 Re8 42. Rxe8+ Bxe8 43. Rd3 Kf8 44. Rd8 Ke7 45. Ra8 h5 46. Kf2 hxg4 47. hxg4 Bf7 48. Bf1 Bd5 49. Ke3 Kd6 50. Kd4 Bf3 51. g5 Ke6 52. Bh3+ f5 53. Bf1 Kd6 54. Bd3 Re7 55. Bxf5 Be2 56. Bd3 Bxd3 57. Kxd3 Kc5 58. Rd8 Kxb5 59. Rd7 Re8 60. c7 Rc8 61. Rxg7 Kc6 62. g6 b5 63. Rf7 Rg8 64. g7 Kb7 65. c8Q+ Kxc8 66. Rf8+ 1-0

[Event "Titled Tuesday intern op 26th Sep Early"]
[Site "Chess.com INT"]
[Date "2023.09.26"]
[Round "10"]
[White "Makhnev, Denis"]
[Black "Csonka, Balazs"]
[Result "1/2-1/2"]
[WhiteElo "2466"]
[BlackElo "2469"]
[PlyCount "53"]
[EventDate "2023.09.26"]
[EventType "swiss (blitz)"]
[EventRounds "11"]
[EventCountry "USA"]
[SourceTitle "EXT 2024"]
[Source "ChessBase"]
[SourceDate "2023.10.10"]
[SourceVersion "1"]
[SourceVersionDate "2023.10.10"]
[SourceQuality "1"]

1. f4 Nh6 2. Nf3 g6 3. e4 d5 4. d3 dxe4 5. dxe4 Qxd1+ 6. Kxd1 Nc6 7. h3 f5 8. e5 Be6 9. c3 0-0-0+ 10. Kc2 Nf7 11. Nbd2 g5 12. Bc4 Bxc4 13. Nxc4 e6 14. a4 gxf4 15. Bxf4 Rg8 16. g3 Bh6 17. Rag1 Rg6 18. Bxh6 Nxh6 19. g4 fxg4 20. hxg4 Nxg4 21. Kb1 h5 22. Rxh5 Ngxe5 23. Ncxe5 Rxg1+ 24. Nxg1 Nxe5 25. Rxe5 Rd1+ 26. Kc2 Rxg1 27. Rxe6 1/2-1/2